000 00450nam a2200145Ia 4500
008 130318s9999 xx 000 0 und d
020 _a8178086344
082 _a005.275 WIL/P
100 _aWilkinson, Barry
245 _aParallel Programming Techniques and Applications using Networked workstations and parallel computers
260 _bPearson Education
_aNew Delhi
_c2002
300 _a431
650 _aPARALLEL PROGRAMMING
700 _aAllen, Michael
999 _c814
_d814